000 00856cam a2200265 a 4500
001 000014047
005 20200929163442.0
008 940624s1994 sp 000 1 spa
020 _a8420481300
040 _aDO-SdBNP
_bspa
_cLC
041 1 7 _aspa
_hgag
_2Código de idioma MARC
082 _a863.64
_bR618s
100 1 _aRivas, Manuel,
_d1957-
_922745
240 1 0 _aEn salvaxe compaña.
_lEspañol
245 1 0 _aEn salvaje compañía /
_cManuel Rivas ; traducción al castellano del autor.
260 _aMadrid :
_bSantillana,
_c1994.
300 _a193 p. ;
_c22 cm.
490 1 _aAlfaguara Hispánica,
_v117
534 _pTítulo original:
_tEn salvaxe compaña
650 4 _aNovela española
_91123
650 4 _aLiteratura española
_9632
830 0 _aAlfaguara Hispánica,
_v117
_94764
910 _aCatalogación por copia / LC
049 _aBNGR
999 _c13649
_d13649